Indovina i calciatori in base al loro percorsi di carriera #1 - Statistics

Statistiche generali
  • Questo quiz è stato fatto 663 volte
  • Il punteggio medio è 8 su 10
Statistiche sulle risposte
Giocatori Clubs % Corretto
Diego Maradona
89%
Ronaldo
88%
Luis Suárez
86%
Ronaldinho
86%
David Beckham
84%
Roberto Baggio
84%
Luis Figo
82%
Zinedine Zidane
66%
Johan Cruyff
65%
Franz Beckenbauer
36%
Nessun quiz corrispondente trovato
Distribuzione punteggi
Percentuale di utenti per punteggio
Percentile per numero di risposta
I tuoi punteggi nel tempo
Non hai fatto questo quiz